|
|
|
|
| LEADER |
00000nam0a2200000 4500 |
| 001 |
178824 |
| 005 |
20241113154308.0 |
| 035 |
|
|
|a (RuTPU)RU\TPU\book\193841
|
| 090 |
|
|
|a 178824
|
| 100 |
|
|
|a 20100409d1907 k y0rusy50 ca
|
| 101 |
0 |
|
|a rus
|
| 102 |
|
|
|a RU
|
| 105 |
|
|
|a a j 000zy
|
| 200 |
1 |
|
|a Статика сооружений
|e Конспективный курс
|h Вып.1: Подпорные стенки
|f Н. В. Некрасов
|g Томский технологический институт (ТТИ) Императора Николая II
|
| 210 |
|
|
|a Томск
|c Типо-Литография П.И. Макушина
|d 1907
|
| 215 |
|
|
|a 93 с.
|c черт.
|
| 300 |
|
|
|a Литогр. изд.
|
| 300 |
|
|
|a Текст в русской дореформенной орфографии
|
| 316 |
|
|
|5 63413507: ШкА/3119
|a Владельческий переплет ТТИ
|
| 600 |
|
1 |
|a Некрасов
|b Н. В.
|c российский общественно-политический деятель
|c инженер путей сообщения
|f 1879-1940
|g Николай Виссарионович
|c профессор Томского технологического института
|y Томск
|2 stltpush
|3 (RuTPU)RU\TPU\pers\10489
|
| 606 |
1 |
|
|a Статика сооружений
|2 stltpush
|3 (RuTPU)RU\TPU\subj\56821
|9 74711
|
| 610 |
1 |
|
|a строительная механика
|
| 610 |
1 |
|
|a инженерные сооружения
|
| 610 |
1 |
|
|a устойчивость
|
| 610 |
1 |
|
|a расчет
|
| 610 |
1 |
|
|a подпорные стенки
|
| 610 |
1 |
|
|a труды учёных ТПУ
|
| 610 |
1 |
|
|a учебные пособия
|
| 610 |
1 |
|
|a Коллекция ТПУ
|
| 675 |
|
|
|a 624.041(075.8)
|v 3
|
| 700 |
|
1 |
|a Некрасов
|b Н. В.
|g Николай Виссарионович
|
| 712 |
0 |
2 |
|a Томский технологический институт (ТТИ)
|c (1896-1923)
|3 (RuTPU)RU\TPU\col\9244
|
| 801 |
|
1 |
|a RU
|b 63413507
|c 20100409
|
| 801 |
|
2 |
|a RU
|b 63413507
|c 20191128
|g RCR
|
| 942 |
|
|
|c BK
|